header

New developments in aldehydes research (Record no. 32297)

MARC details
000 -LEADER
fixed length control field 01355nam a2200337 a 4500
082 04 - DEWEY DECIMAL CLASSIFICATION NUMBER
Classification number 547/.036
245 00 - TITLE STATEMENT
Title New developments in aldehydes research
260 ## - PUBLICATION, DISTRIBUTION, ETC. (IMPRINT)
Place of publication Hauppauge, N.Y. :
Name of publisher Nova Science Publishers, Inc.,
Year of publication 2013.
300 ## - PHYSICAL DESCRIPTION
Number of Pages ix, 151 p. :
Other physical details ill. (some col.).
490 1# - SERIES STATEMENT
Series statement Chemical engineering methods and technology
650 #0 - SUBJECT ADDED ENTRY--TOPICAL TERM
Topical Term Aldehydes.
700 1# - ADDED ENTRY--PERSONAL NAME
Personal name Torrioni, Luca.
Personal name Pescasseroli, Emilia.
856 40 - ELECTRONIC LOCATION AND ACCESS
Uniform Resource Identifier http://site.ebrary.com/lib/rucke/Doc?id=10682779

No items available.

© 2026 Rongo University
Contact us: librarian | system librarian | Rongo university